Első helyen az SZTE az oktatói kiválóságok listáján

Elmentve itt :
Bibliográfiai részletek
Szerző: Zádori Bence
Dokumentumtípus: Cikk
Megjelent: 2022-12-05
Sorozat:SzegedMa.hu
Kulcsszavak:Felsőoktatási intézmények rangsora - HVG Diploma különszám - 2023, Egyetemi rangsor
Online Access:http://univ.bibl.u-szeged.hu/64533
LEADER 00752nab a2200169 i 4500
001 univ64533
005 20221206092114.0
008 221206s2022 hu o 0|| hun d
040 |a SZTE UnivHistória Repozitórium  |b hun 
041 |a hun 
100 1 |a Zádori Bence 
245 1 0 |a Első helyen az SZTE az oktatói kiválóságok listáján  |h [elektronikus dokumentum] /  |c  Zádori Bence 
260 |c 2022-12-05 
490 0 |a SzegedMa.hu 
561 |a Egyetemi hirarchívum 
695 |a Felsőoktatási intézmények rangsora - HVG Diploma különszám - 2023, Egyetemi rangsor 
856 4 0 |u http://univ.bibl.u-szeged.hu/64533/1/Els%C5%91%20helyen%20az%20SZTE%20az%20oktat%C3%B3i%20kiv%C3%A1l%C3%B3s%C3%A1gok%20list%C3%A1j%C3%A1n%20_%20Szeged%20Ma.pdf  |z Dokumentum-elérés